[Event "85th ch-GER 2014"]
[Site "Verden an der Aller GER"]
[Date "2014.11.28"]
[Round "8.3"]
[White "Graf, Felix"]
[Black "Bluebaum, Matthias"]
[Result "1/2-1/2"]
[WhiteTitle "IM"]
[BlackTitle "IM"]
[WhiteElo "2476"]
[BlackElo "2537"]
[WhiteFideId "24608904"]
[BlackFideId "24651516"]
[EventDate "2014.11.21"]

1. d4 d5 2. c4 c6 3. Nc3 Nf6 4. e3 e6 5. Nf3 Nbd7 6. Qc2 Bd6 7. b3 O-O 8. Be2
Qe7 9. Bb2 b6 10. O-O Bb7 11. Rfe1 Rad8 12. e4 dxe4 13. Nxe4 Nxe4 14. Qxe4 Ba3
15. Qc2 Bxb2 16. Qxb2 c5 17. Rad1 cxd4 18. Qxd4 Nf6 19. Qb2 Ne4 20. b4 Ng5 21.
Nxg5 Qxg5 22. Bf1 h5 23. Qa3 a6 24. Qg3 Qxg3 25. hxg3 Bc6 26. c5 bxc5 27. Rc1 c4
28. Bxc4 Bb5 29. Bxb5 axb5 30. Re5 Rd2 31. Rxb5 Rxa2 32. Rxh5 Rb2 33. Rc4 g6 34.
Rhc5 Kg7 35. Rc8 Rxc8 36. Rxc8 Rxb4 37. Rc7 g5 38. f3 Kg6 39. g4 e5 40. Rc6+ f6
41. Rc2 1/2-1/2

[Event "85th ch-GER 2014"]
[Site "Verden an der Aller GER"]
[Date "2014.11.28"]
[Round "8.4"]
[White "Khenkin, Igor"]
[Black "Kollars, Dmitrij"]
[Result "1/2-1/2"]
[WhiteTitle "GM"]
[WhiteElo "2575"]
[BlackElo "2283"]
[WhiteFideId "4659600"]
[BlackFideId "12909572"]
[EventDate "2014.11.21"]

1. d4 Nf6 2. c4 g6 3. Nc3 Bg7 4. e4 d6 5. f3 O-O 6. Be3 c5 7. dxc5 dxc5 8. Qxd8
Rxd8 9. Bxc5 Nc6 10. Nge2 b6 11. Ba3 Ba6 12. Nb5 Rd7 13. Nec3 Bb7 14. Na4 Rad8
15. Be2 Nh5 16. g3 f5 17. exf5 gxf5 18. Kf2 Kf7 19. Rhd1 Nd4 20. Nxd4 Bxd4+ 21.
Kf1 f4 22. g4 Nf6 23. g5 Nh5 24. Nc3 Ng7 25. Nb5 Nf5 26. Nxd4 Ne3+ 27. Ke1 Nxd1
28. Nc2 Ne3 29. Nxe3 fxe3 30. Rc1 Rg8 31. f4 h6 32. h4 hxg5 33. fxg5 Rd4 34. Rc3
Rxh4 35. Rxe3 Re4 36. Rf3+ Ke6 37. Rg3 Kf5 38. Kf2 Rxg5 39. Bd3 Rxg3 40. Kxg3
Ke6 41. Bxe4 1/2-1/2

[Event "85th ch-GER 2014"]
[Site "Verden an der Aller GER"]
[Date "2014.11.28"]
[Round "8.5"]
[White "Meins, Gerlef"]
[Black "Kunin, Vitaly"]
[Result "0-1"]
[WhiteTitle "IM"]
[BlackTitle "GM"]
[WhiteElo "2443"]
[BlackElo "2585"]
[WhiteFideId "4620895"]
[BlackFideId "4128737"]
[EventDate "2014.11.21"]

1. Nf3 Nf6 2. d4 e6 3. Bf4 b6 4. e3 Bb7 5. Nbd2 Be7 6. h3 O-O 7. Bd3 c5 8. c3
Ba6 9. Bxa6 Nxa6 10. Qe2 Qc8 11. O-O Qb7 12. a4 cxd4 13. Nxd4 Nc5 14. Bg5 d5 15.
b4 Nce4 16. Bxf6 Nxf6 17. b5 Nd7 18. a5 Bf6 19. c4 Rac8 20. Ra2 Ne5 21. cxd5
Qxd5 22. N2f3 Nxf3+ 23. Nxf3 Rc5 24. Rd1 Qb3 25. Rd7 bxa5 26. Rxa7 Qb1+ 27. Kh2
Bc3 28. Nd4 e5 29. Nc6 e4 30. Ra4 Rxc6 0-1

[Event "85th ch-GER 2014"]
[Site "Verden an der Aller GER"]
[Date "2014.11.28"]
[Round "8.6"]
[White "Stern, Rene"]
[Black "Kalinitschew, Sergey"]
[Result "1-0"]
[WhiteTitle "GM"]
[BlackTitle "GM"]
[WhiteElo "2546"]
[BlackElo "2392"]
[WhiteFideId "4611799"]
[BlackFideId "4637321"]
[EventDate "2014.11.21"]

1. d4 d6 2. e4 Nf6 3. Nc3 g6 4. g3 Bg7 5. Bg2 Na6 6. Nge2 c5 7. h3 cxd4 8. Nxd4
O-O 9. O-O Nc5 10. Re1 a6 11. Nd5 Nfd7 12. a4 Ne5 13. a5 Ne6 14. Nb3 Nd7 15. c3
Rb8 16. Be3 Nec5 17. Nxc5 dxc5 18. Bg5 f6 19. Bf4 Ne5 20. Qb3 c4 21. Qb6 e6 22.
Qxd8 Rxd8 23. Bxe5 fxe5 24. Nb6 Bd7 25. Bf1 Bc6 26. Bxc4 Kf7 27. Rad1 Bh6 28.
Bd3 Kf6 29. Kf1 Rd6 30. Ke2 Rbd8 31. Nc4 R6d7 32. b3 Bb5 33. Nb2 Bc6 34. Rf1 Ke7
35. Nc4 Bg7 36. Nb6 Rd6 37. f3 Bf6 38. Bc4 Rxd1 39. Rxd1 Rxd1 40. Kxd1 Bg5 41.
Ke2 h5 42. h4 Bh6 43. Bd3 g5 44. hxg5 Bxg5 45. b4 h4 46. gxh4 Bxh4 47. Bc2 Be8
48. Ba4 Bf7 49. Nc8+ 1-0

[Event "85th ch-GER 2014"]
[Site "Verden an der Aller GER"]
[Date "2014.11.28"]
[Round "8.7"]
[White "Buchal, Stephan"]
[Black "Buhmann, Rainer"]
[Result "0-1"]
[WhiteTitle "FM"]
[BlackTitle "GM"]
[WhiteElo "2255"]
[BlackElo "2601"]
[WhiteFideId "4603915"]
[BlackFideId "4651340"]
[EventDate "2014.11.21"]

1. c4 e6 2. g3 d5 3. Bg2 Nf6 4. Nf3 Be7 5. O-O O-O 6. b3 c5 7. Bb2 d4 8. e3 Nc6
9. exd4 cxd4 10. Re1 Ng4 11. d3 f6 12. a3 a5 13. Nbd2 e5 14. Qc2 Be6 15. Re4 Bc5
16. Re2 Kh8 17. Rae1 Rc8 18. Ne4 Be7 19. Bc1 f5 20. Neg5 Bg8 21. h3 Nh6 22. Rxe5
Nxe5 23. Rxe5 Bf6 24. Bf4 Bxe5 25. Bxe5 f4 26. g4 Rc5 27. Ne4 Rxe5 28. Nxe5 Qe7
29. Nf3 Qxa3 30. Kh2 Rd8 31. Qd2 Nf7 32. Qxf4 Qxb3 33. Nfg5 Nxg5 34. Qxg5 Qb6
35. Qe5 a4 36. Nc5 a3 37. Nxb7 a2 38. c5 Qf6 39. Qxf6 gxf6 40. Nxd8 a1=Q 0-1

[Event "85th ch-GER 2014"]
[Site "Verden an der Aller GER"]
[Date "2014.11.28"]
[Round "8.8"]
[White "Svane, Rasmus"]
[Black "Schmid, Roland GER"]
[Result "1-0"]
[WhiteTitle "IM"]
[WhiteElo "2509"]
[BlackElo "2249"]
[WhiteFideId "4657101"]
[BlackFideId "24647810"]
[EventDate "2014.11.21"]

1. c4 c6 2. Nf3 d5 3. g3 Nf6 4. Bg2 dxc4 5. O-O Nbd7 6. Na3 Nb6 7. Qc2 Qd5 8.
Ne1 Qe6 9. d3 cxd3 10. Nxd3 g6 11. e4 Nfd7 12. Bf4 Bg7 13. Rae1 O-O 14. Bc7 Qxa2
15. e5 f6 16. e6 Ne5 17. Nc1 Qxe6 18. f4 Qd7 19. Bxb6 axb6 20. fxe5 Qd4+ 21. Kh1
fxe5 22. Qb3+ Kh8 23. Rxf8+ Bxf8 24. Nd3 Bg7 25. Nc2 Qd6 26. Nf2 b5 27. Rd1 Be6
28. Qe3 Qc7 29. Ne4 Rd8 30. Rxd8+ Qxd8 31. Bf3 h6 32. Kg2 Kh7 33. Nc5 Bf5 34.
Be4 b6 35. Nd3 Qd6 36. Nce1 c5 37. Nf3 e6 38. Nf2 b4 39. g4 Bxe4 40. Qxe4 Qd5
41. h4 b5 42. h5 Qxe4 43. Nxe4 gxh5 44. gxh5 Bf8 45. Kf2 c4 46. Ke3 b3 47. Kd2
b4 48. Kd1 c3 49. bxc3 bxc3 50. Nxc3 e4 51. Nxe4 Bg7 52. Nfd2 b2 53. Kc2 Kg8 54.
Nc4 Bd4 55. Nxb2 Kf7 56. Nc4 e5 57. Kd3 Ke6 58. Ke2 Kf5 59. Kf3 Ba7 60. Ncd6+
Ke6 61. Kg4 Be3 62. Ne8 Bc1 63. Nc7+ Kd7 64. Na6 Ke6 65. Nac5+ Kf7 66. Kf5 Kg7
67. Nd3 Ba3 68. Ke6 Bf8 69. Nxe5 Bb4 70. Ng3 Bd2 71. Nf5+ Kh7 72. Kf7 Bg5 73.
Nd7 1-0

[Event "85th ch-GER 2014"]
[Site "Verden an der Aller GER"]
[Date "2014.11.28"]
[Round "8.9"]
[White "Siebrecht, Sebastian"]
[Black "Bastian, Herbert"]
[Result "1/2-1/2"]
[WhiteTitle "GM"]
[BlackTitle "IM"]
[WhiteElo "2464"]
[BlackElo "2317"]
[WhiteFideId "4609352"]
[BlackFideId "4601700"]
[EventDate "2014.11.21"]

1. d4 Nf6 2. c4 g6 3. Nc3 Bg7 4. e4 O-O 5. Be2 d6 6. Be3 c5 7. d5 b5 8. cxb5 a6
9. bxa6 Bxa6 10. Nf3 Qb6 11. Rb1 Ng4 12. Bd2 Nd7 13. O-O Nge5 14. Nxe5 Nxe5 15.
b3 Bd3 16. Bxd3 Nxd3 17. Na4 Qa6 18. Bc3 f5 19. Bxg7 Kxg7 20. Qe2 Nb4 21. Qb2+
Kg8 22. a3 Nd3 23. Qe2 Nf4 24. Qe3 fxe4 25. Qxe4 Qe2 26. Rfe1 Qxe4 27. Rxe4 Nxd5
28. Rb2 Rf4 29. Rxf4 Nxf4 30. g3 Nd3 31. Rd2 Ne5 32. Re2 Kf7 33. Kg2 Nc6 34. Re4
Rb8 35. b4 cxb4 36. axb4 Nxb4 37. h4 e5 38. f4 Nd3 39. Re3 Nb2 40. Nc3 exf4 41.
Rf3 Ke6 42. Rxf4 d5 43. Ne2 Nd3 44. Nd4+ Kd6 45. Rf7 Rb2+ 46. Kg1 h5 47. Rf8 Ne5
48. Rd8+ Kc5 49. Ne6+ Kc4 50. Rc8+ Kd3 51. Nf4+ Ke4 52. Re8 Kd4 53. Kf1 Rb3 54.
Re6 Rb1+ 55. Ke2 Rb2+ 56. Kf1 Ra2 57. Ne2+ Rxe2 58. Kxe2 Ke4 59. Rf6 d4 60. Rf4+
Kd5 61. Rf8 Ke4 62. Rf4+ Kd5 63. Kd2 Nc4+ 64. Kc2 Ne5 65. Kb3 Nd3 66. Rf6 Ne5
67. Rf4 Nd3 68. Rf6 Ne5 1/2-1/2

[Event "85th ch-GER 2014"]
[Site "Verden an der Aller GER"]
[Date "2014.11.28"]
[Round "8.10"]
[White "Boidman, Yuri"]
[Black "Bischoff, Klaus"]
[Result "0-1"]
[WhiteTitle "IM"]
[BlackTitle "GM"]
[WhiteElo "2393"]
[BlackElo "2502"]
[WhiteFideId "4643992"]
[BlackFideId "4600045"]
[EventDate "2014.11.21"]

1. e4 e6 2. Qe2 c5 3. Nf3 Nc6 4. g3 g6 5. Bg2 Bg7 6. h4 h6 7. c3 Nge7 8. d3 d6
9. O-O e5 10. Na3 Be6 11. Be3 Qd7 12. Nc2 f5 13. Rad1 O-O 14. b3 b6 15. Qd2 Kh7
16. Nh2 d5 17. f4 exf4 18. Bxf4 Rad8 19. exf5 Nxf5 20. Rde1 Rde8 21. Nf3 d4 22.
c4 Nd6 23. b4 Nf7 24. b5 Ncd8 25. h5 g5 26. Ne5 Qc8 27. Be4+ Kg8 28. Ng6 gxf4
29. Rxf4 Ng5 30. Nxf8 Nh3+ 31. Kh2 Nxf4 32. Bh7+ Kh8 33. Ng6+ Nxg6 34. Bxg6 Rf8
35. Re2 Nf7 36. Qe1 Ng5 0-1

[Event "85th ch-GER 2014"]
[Site "Verden an der Aller GER"]
[Date "2014.11.28"]
[Round "8.11"]
[White "Breutigam, Martin"]
[Black "Plischki, Sebastian"]
[Result "1/2-1/2"]
[WhiteTitle "IM"]
[BlackTitle "IM"]
[WhiteElo "2409"]
[BlackElo "2396"]
[WhiteFideId "4601840"]
[BlackFideId "4637143"]
[EventDate "2014.11.21"]

1. Nf3 c5 2. c4 Nc6 3. Nc3 g6 4. g3 Bg7 5. Bg2 d6 6. d3 Nf6 7. a3 Bf5 8. Rb1 Qd7
9. h3 Nd4 10. b4 Nxf3+ 11. Bxf3 cxb4 12. Rxb4 Rb8 13. Qb3 Bxh3 14. Rxb7 Rxb7 15.
Qxb7 O-O 16. Nb5 Qxb7 17. Bxb7 Rb8 18. Bf3 Bg4 19. Nxa7 Bxf3 20. exf3 Nd7 21.
Nc6 Rb1 22. O-O Bf6 23. Be3 Rb3 24. a4 Rxd3 25. a5 Ra3 26. Rb1 Kg7 27. Rb7 Ne5
28. Nxe5 Bxe5 29. Ra7 Bc3 30. a6 e5 31. Kf1 Ra2 32. Ra8 Bd4 33. a7 Bxe3 34. fxe3
h5 35. e4 g5 36. Kg1 Ra1+ 37. Kf2 Ra2+ 38. Ke3 Ra3+ 39. Ke2 h4 40. gxh4 gxh4 41.
Kf2 Ra2+ 42. Kg1 Kf6 43. Kh1 Ke7 44. Kg1 h3 45. Kh1 h2 46. Rc8 Rxa7 47. Kxh2 1/2-1/2

[Event "85th ch-GER 2014"]
[Site "Verden an der Aller GER"]
[Date "2014.11.28"]
[Round "8.12"]
[White "Grigorian, Spartak"]
[Black "Hundack, Rolf"]
[Result "1-0"]
[WhiteElo "2244"]
[BlackElo "2223"]
[WhiteFideId "24661490"]
[BlackFideId "4653092"]
[EventDate "2014.11.21"]

1. d4 Nf6 2. c4 e5 3. dxe5 Ng4 4. Bf4 Nc6 5. Nf3 Bb4+ 6. Nbd2 Qe7 7. e3 Ngxe5 8.
Nxe5 Nxe5 9. Be2 O-O 10. O-O a5 11. Nb1 d6 12. a3 Bc5 13. Nc3 Be6 14. Nd5 Qd8
15. b4 Bxd5 16. Qxd5 axb4 17. axb4 Bxb4 18. Bxe5 dxe5 19. Qxe5 Rxa1 20. Qxa1 Qe7
21. Qb1 g6 22. Rd1 b6 23. Bf3 Bd6 24. g3 h5 25. h4 Qf6 26. Kg2 Re8 27. Rd4 Kg7
28. Qd3 Rb8 29. Rd5 Kf8 30. Qb3 Re8 31. Qa4 Qb2 32. Qd1 Qf6 33. Qd3 Re5 34. Rd4
Ra5 35. Qb1 Kg7 36. Bd5 Be5 37. Rd3 Ra1 38. Qb3 Qf5 39. e4 Qg4 40. Rf3 f6 41. c5
Qc8 42. Rd3 bxc5 43. Be6 Qa6 44. Rd7+ Kh6 45. Bc4 Qc6 46. Qe3+ g5 47. hxg5+ fxg5
48. Re7 Bd4 49. Qf3 Ra6 50. Qf8+ Kg6 51. Qf7+ 1-0

[Event "85th ch-GER 2014"]
[Site "Verden an der Aller GER"]
[Date "2014.11.28"]
[Round "8.13"]
[White "Kabisch, Thilo"]
[Black "Gutman, Lev"]
[Result "0-1"]
[BlackTitle "GM"]
[WhiteElo "2204"]
[BlackElo "2408"]
[WhiteFideId "4603745"]
[BlackFideId "4600177"]
[EventDate "2014.11.21"]

1. e4 c5 2. Nf3 Nc6 3. d4 cxd4 4. Nxd4 Nf6 5. Nc3 d6 6. Bc4 Qb6 7. Nde2 e6 8. a3
a6 9. Ba2 Qc7 10. O-O b5 11. f4 Rb8 12. Kh1 a5 13. Qd3 b4 14. Nb5 Qb6 15. c4
bxc3 16. Nexc3 Ng4 17. Qg3 h5 18. f5 Nce5 19. h3 Be7 20. Bf4 g5 21. Bxe5 dxe5
22. f6 Bc5 23. Rad1 Bd7 24. a4 Bxb5 25. Nxb5 Rd8 26. Rxd8+ Qxd8 27. Qc3 Bb6 28.
Qc6+ Kf8 29. Nd6 Rh6 30. Rc1 Nf2+ 31. Kh2 Rxf6 32. Nc4 Bd4 33. Rc2 g4 34. Nd6 h4
35. hxg4 Nxg4+ 36. Kh3 Nf2+ 37. Kh2 Kg7 38. Qc7 Qxc7 39. Rxc7 Kg6 40. b4 axb4
41. a5 Ng4+ 42. Kh3 Rf2 43. Bc4 Ne3 44. a6 Rc2 45. Nxf7 Nxc4 46. a7 Ra2 47. Nh8+
Kf6 48. Rxc4 Rxa7 49. Rc8 b3 50. Kxh4 b2 51. Rf8+ Kg7 52. Rb8 Ra8 53. Rxa8 b1=Q
54. Rc8 Qxe4+ 55. g4 Bf2+ 56. Kg5 Qf4+ 0-1

[Event "85th ch-GER 2014"]
[Site "Verden an der Aller GER"]
[Date "2014.11.28"]
[Round "8.14"]
[White "Harff, Marcel"]
[Black "Keymer, Vincent"]
[Result "1-0"]
[WhiteTitle "FM"]
[WhiteElo "2273"]
[BlackElo "2116"]
[WhiteFideId "24621382"]
[BlackFideId "12940690"]
[EventDate "2014.11.21"]

1. Nf3 d5 2. e3 Nf6 3. c4 c6 4. d4 a6 5. Qb3 Ra7 6. a4 Bf5 7. Nc3 e6 8. Bd2 Nbd7
9. Be2 h6 10. O-O Bd6 11. a5 O-O 12. Na4 Ne4 13. Bb4 dxc4 14. Qxc4 Qe7 15. Ba3
e5 16. Rfd1 Bxa3 17. Rxa3 Raa8 18. Nc3 Rad8 19. d5 Nd6 20. Qa4 Nb5 21. Nxb5 axb5
22. Qh4 Nf6 23. dxc6 Rxd1+ 24. Bxd1 bxc6 25. h3 Rd8 26. Be2 c5 27. Qg3 e4 28.
Qe5 Be6 29. Nh2 b4 30. Ra1 Qa7 31. Nf1 Rd5 32. Qh2 Rd8 33. Qe5 c4 34. Qb5 Rb8
35. Qa4 c3 36. bxc3 bxc3 37. a6 Bb3 38. Qc6 Nd5 39. Bc4 Nf6 40. Ng3 Bc2 41. Ne2
Nd7 42. Nxc3 Ne5 43. Qd5 Nxc4 44. Qxc4 Bd3 45. Qa4 Rb6 46. Qd4 Bxa6 47. Nd5 Rb7
48. Qxa7 Rxa7 49. Nb4 Rc7 50. Rxa6 Rc4 51. Nc6 Rc5 52. Kh2 g5 53. g4 1-0

[Event "85th ch-GER 2014"]
[Site "Verden an der Aller GER"]
[Date "2014.11.28"]
[Round "8.15"]
[White "Reddmann, Hauke"]
[Black "Schild, Christoph"]
[Result "0-1"]
[WhiteTitle "FM"]
[BlackTitle "FM"]
[WhiteElo "2299"]
[BlackElo "2424"]
[WhiteFideId "4603540"]
[BlackFideId "4637089"]
[EventDate "2014.11.21"]

1. d4 e6 2. c4 Nf6 3. g3 d5 4. Bg2 Bb4+ 5. Bd2 Be7 6. Nf3 O-O 7. b3 b6 8. cxd5
exd5 9. Ne5 Bb7 10. Nc3 Nbd7 11. O-O c5 12. Nxd7 Qxd7 13. dxc5 bxc5 14. Bg5 Rfd8
15. Na4 Rac8 16. Rc1 Qf5 17. Bxf6 Qxf6 18. Qd2 c4 19. e3 c3 20. Qc2 Ba3 21. Rb1
Qg6 22. Ra1 0-1

[Event "85th ch-GER 2014"]
[Site "Verden an der Aller GER"]
[Date "2014.11.28"]
[Round "8.16"]
[White "Schulz, Michael1"]
[Black "Skibbe, Willi"]
[Result "0-1"]
[WhiteTitle "FM"]
[BlackTitle "FM"]
[WhiteElo "2233"]
[BlackElo "2274"]
[WhiteFideId "4616731"]
[BlackFideId "4682190"]
[EventDate "2014.11.21"]

1. d4 d5 2. Bf4 c6 3. e3 Qb6 4. Bd3 Qxb2 5. Nd2 e6 6. Ngf3 Nd7 7. O-O Ngf6 8.
Qe2 Be7 9. Rab1 Qa3 10. c4 Qa5 11. Ne5 Nxe5 12. dxe5 Nd7 13. cxd5 exd5 14. Nb3
Qa3 15. Nd4 Nc5 16. Bf5 g6 17. Bxc8 Rxc8 18. Bh6 Bf8 19. Qg4 Rc7 20. Bf4 h5 21.
Qh3 Bh6 22. Bxh6 Rxh6 23. e6 Nxe6 24. Nxe6 fxe6 25. Qxe6+ Qe7 26. Qg8+ Qf8 27.
Qe6+ Re7 28. Qd6 Kf7 29. Qf4+ Kg8 30. Qg5 Kg7 31. Qh4 Qf6 32. Qa4 b6 33. Rbc1 g5
34. f4 g4 35. f5 c5 36. Qf4 Rh8 37. Rcd1 Rd8 38. h3 gxh3 39. gxh3 Kh7 40. Qf3
Qg5+ 41. Kh2 Rxe3 42. Qf2 Rde8 43. Rd2 Qf6 44. Qg2 Qe5+ 45. Kh1 Rg8 46. Rxd5
Qxd5 0-1

[Event "85th ch-GER 2014"]
[Site "Verden an der Aller GER"]
[Date "2014.11.28"]
[Round "8.17"]
[White "Hoeffer, David"]
[Black "Zehnter, Sebastian"]
[Result "1-0"]
[WhiteElo "2276"]
[BlackElo "2237"]
[WhiteFideId "24606766"]
[BlackFideId "24608670"]
[EventDate "2014.11.21"]

1. d4 d5 2. Nf3 Nc6 3. e3 Nf6 4. c4 g6 5. Nc3 Bg7 6. cxd5 Nxd5 7. Qb3 Nb6 8. d5
Nb8 9. a4 a5 10. e4 O-O 11. Be3 N6d7 12. Be2 Na6 13. O-O c6 14. Rfd1 Ndc5 15.
Qc4 Qb6 16. Nd4 Bd7 17. Bf3 Rfe8 18. Rac1 Rac8 19. h4 Qb4 20. Qa2 e5 21. dxe6
Bxe6 22. Nxe6 Nxe6 23. Bg4 Bxc3 24. bxc3 Qxe4 25. Bxe6 Qxe6 26. Qxe6 fxe6 27.
Bb6 Re7 28. Bxa5 Kf7 29. Bd8 Re8 30. Rd7+ Kg8 31. Bb6 Rf8 32. Rcd1 Rf4 33. Re7
Rxa4 34. g3 Nb8 35. Rxb7 Rc4 36. Ba7 Na6 37. Rdd7 c5 38. Rxh7 Rxc3 39. Rbg7+ Kf8
40. Rxg6 Rc7 41. Rh8+ Ke7 42. Bb6 Rc6 43. Bd8+ Kd6 44. Bg5 Rb3 45. h5 c4 46. h6
Rb7 47. Rg7 Rcc7 48. Bf4+ e5 49. Rd8+ 1-0

[Event "85th ch-GER 2014"]
[Site "Verden an der Aller GER"]
[Date "2014.11.28"]
[Round "8.18"]
[White "Mueller, Reinhold"]
[Black "Asendorf, Joachim"]
[Result "1/2-1/2"]
[WhiteTitle "FM"]
[BlackTitle "FM"]
[WhiteElo "2289"]
[BlackElo "2298"]
[WhiteFideId "24605875"]
[BlackFideId "4639260"]
[EventDate "2014.11.21"]

1. d4 d5 2. c4 e6 3. Nf3 c5 4. cxd5 exd5 5. g3 Nc6 6. Bg2 Nf6 7. O-O Be7 8. Nc3
O-O 9. Bg5 c4 10. Ne5 Be6 11. b3 h6 12. Bxf6 Bxf6 13. Nxc6 bxc6 14. bxc4 dxc4
15. e3 Qa5 16. Rc1 Rac8 17. Qa4 Qxa4 18. Nxa4 Be7 19. Rb1 Rc7 20. Rfc1 Rd8 21.
Nc3 g6 22. Rc2 Ba3 23. Ne4 Be7 24. Nc5 Bxc5 25. dxc5 Rd3 26. Bf1 Ra3 27. Rb4 c3
28. Bc4 Bh3 29. Bb3 a5 30. Rh4 Rd7 31. Rxh3 a4 32. Bxa4 Rxa4 33. Rxc3 Rxa2 34.
Rh4 Rdd2 35. Rf4 Rac2 36. Rfc4 Ra2 37. Rf4 Rac2 38. Rfc4 Ra2 39. Rf4 Rac2 40.
Ra3 Rxc5 41. Ra7 f5 42. Rc7 Ra2 43. Rd4 Rd5 44. Rxc6 Rxd4 45. exd4 Kf7 46. Kg2
Rd2 47. Rd6 Rd3 48. Kf1 Rd2 49. Ke1 Ra2 50. h4 h5 51. Kf1 Rd2 52. Kg2 Rd3 53. d5
Ra3 54. Rb6 Rd3 55. Rd6 Ra3 56. Rb6 Rd3 57. d6 f4 58. gxf4 Kf6 59. f3 Kf5 60.
Kg3 Rd2 61. Ra6 Rd5 62. Rb6 Rd2 63. Ra6 Rd5 64. Rc6 Rd2 65. Rc5+ Kf6 66. Rg5
Rxd6 67. f5 gxf5 68. Rxh5 Rd4 69. Rh8 Ra4 70. Rb8 Kg6 71. Rb6+ Kg7 72. h5 Rc4
73. h6+ Kh7 74. Rf6 Ra4 75. Rb6 Rc4 76. Ra6 Rb4 77. f4 Rc4 78. Rf6 Ra4 79. Rb6
Rc4 80. Ra6 Rb4 81. Rf6 Ra4 82. Rxf5 Kxh6 83. Rg5 Ra6 84. Kg4 Rg6 85. Rxg6+ 1/2-1/2

[Event "85th ch-GER 2014"]
[Site "Verden an der Aller GER"]
[Date "2014.11.28"]
[Round "8.19"]
[White "Bodrozic, Tomislav"]
[Black "Kuersten, Ruediger"]
[Result "1-0"]
[WhiteElo "2322"]
[BlackElo "2179"]
[WhiteFideId "24630993"]
[BlackFideId "24605816"]
[EventDate "2014.11.21"]

1. e4 c6 2. d4 d5 3. e5 c5 4. dxc5 e6 5. a3 Nc6 6. Nf3 Bxc5 7. b4 Be7 8. Bb2 a6
9. Bd3 Nh6 10. O-O O-O 11. Nbd2 f6 12. c4 Ng4 13. exf6 Bxf6 14. Qc2 Bxb2 15.
Qxb2 Bd7 16. Rae1 Rc8 17. h3 Nf6 18. c5 Qe7 19. Ne5 a5 20. Ndf3 axb4 21. axb4 b6
22. Nxc6 Rxc6 23. Nd4 Rcc8 24. c6 Bxc6 25. Rxe6 Qb7 26. Ra1 b5 27. Nb3 Qf7 28.
Nc5 Bd7 29. Re2 Rfe8 30. Ra7 Rxe2 31. Bxe2 Qe8 32. Nxd7 Nxd7 33. Bxb5 Qe1+ 34.
Kh2 Nf6 35. Qe2 Qxb4 36. Qe6+ 1-0

[Event "85th ch-GER 2014"]
[Site "Verden an der Aller GER"]
[Date "2014.11.28"]
[Round "8.20"]
[White "Steffens, Olaf"]
[Black "Krause, Ullrich"]
[Result "0-1"]
[WhiteTitle "FM"]
[BlackTitle "FM"]
[WhiteElo "2279"]
[BlackElo "2276"]
[WhiteFideId "4630564"]
[BlackFideId "4613058"]
[EventDate "2014.11.21"]

1. b4 e5 2. a3 d5 3. Bb2 Bd6 4. c4 c6 5. Nf3 Nd7 6. e3 Qe7 7. cxd5 cxd5 8. Nc3
Ngf6 9. Nb5 Bb8 10. Qc2 O-O 11. Rc1 a6 12. Nc7 Bxc7 13. Qxc7 Ne8 14. Qc2 f6 15.
Nh4 Nb6 16. f4 Bd7 17. Nf5 Bxf5 18. Qxf5 Nd6 19. Qh5 Nbc4 20. Ba1 Rac8 21. fxe5
fxe5 22. Bd3 g6 23. Bxg6 hxg6 24. Qxg6+ Qg7 25. Qe6+ Qf7 26. Qg4+ Qg7 27. Qe6+
Kh7 28. Qxd5 Nxe3 29. Qd3+ e4 30. Rxc8 Qxa1+ 0-1

[Event "85th ch-GER 2014"]
[Site "Verden an der Aller GER"]
[Date "2014.11.28"]
[Round "8.21"]
[White "Krallmann, Matthias"]
[Black "Reimche, Vadim"]
[Result "1-0"]
[WhiteTitle "FM"]
[WhiteElo "2221"]
[BlackElo "2084"]
[WhiteFideId "4613848"]
[BlackFideId "4642422"]
[EventDate "2014.11.21"]

1. d4 Nf6 2. c4 c5 3. d5 b5 4. cxb5 a6 5. bxa6 Bxa6 6. Nc3 g6 7. e4 Bxf1 8. Kxf1
d6 9. Nf3 Bg7 10. g3 O-O 11. Kg2 Nbd7 12. a4 Qb6 13. Qe2 Rfb8 14. Bd2 Ne8 15.
Rhb1 Nc7 16. Ra3 Ra6 17. Nb5 Nxb5 18. axb5 Rxa3 19. bxa3 Qa7 20. Bc1 Qa4 21. Nd2
Nb6 22. Qe3 c4 23. Bb2 Qc2 24. Bxg7 Kxg7 25. Qd4+ Kg8 26. Rb4 Qd1 27. a4 Rc8 28.
a5 Nd7 29. b6 Ne5 30. b7 Rb8 31. a6 Nd3 32. Qxd3 cxd3 33. a7 Qxd2 34. axb8=Q+
Kg7 35. Rd4 Qe1 36. Qa7 d2 37. Rxd2 1-0

[Event "85th ch-GER 2014"]
[Site "Verden an der Aller GER"]
[Date "2014.11.28"]
[Round "8.22"]
[White "Thiel, Thomas"]
[Black "Mueller, Oliver"]
[Result "1/2-1/2"]
[WhiteTitle "FM"]
[BlackTitle "FM"]
[WhiteElo "2323"]
[BlackElo "2258"]
[WhiteFideId "4615964"]
[BlackFideId "4633385"]
[EventDate "2014.11.21"]

1. e4 c5 2. Nc3 Nc6 3. Bb5 Nd4 4. Bc4 e6 5. Nf3 a6 6. d3 b5 7. Bb3 Nxb3 8. axb3
Bb7 9. O-O Ne7 10. e5 Ng6 11. Re1 Qc7 12. Ne4 Nxe5 13. Bf4 d6 14. Nxd6+ Bxd6 15.
Bxe5 Bxe5 16. Nxe5 O-O 17. Qg4 Rae8 18. f4 Qd6 19. Qg3 f6 20. Nf3 Re7 21. Re3
Rfe8 22. Rae1 Bd5 23. Nd2 e5 24. fxe5 Rxe5 25. Rxe5 Rxe5 26. Rxe5 Qxe5 27. Qxe5
fxe5 28. Kf2 Kf7 29. g3 Kf6 30. h4 g5 31. hxg5+ Kxg5 32. Nf1 e4 33. dxe4 Bxe4
34. c3 b4 35. Ne3 Bb1 36. cxb4 cxb4 37. Nd5 a5 38. Nb6 Bc2 39. Nc4 Bxb3 40. Nxa5
Bd5 41. Ke3 Kg4 42. Kd4 Bf3 43. Nc4 Kxg3 44. Ne5 h5 45. Ke3 Bd5 46. Ng6 Bf7 47.
Ne5 Bd5 48. Ng6 b3 49. Nf4 Bf3 50. Nxh5+ Bxh5 51. Kd2 Bg6 52. Kc3 Bc2 53. Kd2
Kf3 54. Kc1 Ke3 1/2-1/2

[Event "85th ch-GER 2014"]
[Site "Verden an der Aller GER"]
[Date "2014.11.29"]
[Round "9.1"]
[White "Stern, Rene"]
[Black "Fridman, Daniel"]
[Result "1/2-1/2"]
[WhiteTitle "GM"]
[BlackTitle "GM"]
[WhiteElo "2546"]
[BlackElo "2639"]
[WhiteFideId "4611799"]
[BlackFideId "11600454"]
[EventDate "2014.11.21"]

1. d4 Nf6 2. c4 e6 3. Nc3 Bb4 4. Bd2 c5 5. dxc5 O-O 6. Nf3 Bxc5 7. g3 Qb6 8. e3
Be7 9. Qb3 Qc5 10. Bg2 Nc6 11. Qb5 Qd6 12. O-O a6 13. Qa4 Qc5 14. e4 Ng4 15.
Rac1 Nce5 16. Nxe5 Nxe5 17. Qd1 Qc7 18. Na4 Nd3 19. Rc2 d6 20. Be3 Nc5 21. Nc3
Rb8 22. Rd2 Nd7 23. Qe2 b5 24. cxb5 axb5 25. Rc2 Qa5 26. b4 Qxb4 27. Rb1 Qa3 28.
Nxb5 Qa5 29. Rcb2 Ba6 30. Qd2 Qxd2 31. Bxd2 Nc5 32. Nd4 Rxb2 33. Rxb2 Bc4 34.
Nc6 Bd8 35. e5 Bc7 36. Be3 Na6 37. f4 f6 38. exd6 Bxd6 39. Rc2 Bd5 40. Bxd5 exd5
41. a4 Nb4 42. Nxb4 Bxb4 43. Bd2 Bxd2 44. Rxd2 Ra8 45. Ra2 Ra5 46. Kf2 Kf7 47.
Ke3 Ke6 48. g4 h5 49. h3 hxg4 50. hxg4 g5 51. fxg5 fxg5 52. Kd4 Kd6 53. Ra1 Rc5
54. a5 Rc4+ 55. Kd3 Kc7 56. a6 Kb8 57. Ra5 1/2-1/2